The informed Argument (Record no. 7200)

MARC details
000 -LEADER
fixed length control field 00405nam a22001817a 4500
003 - CONTROL NUMBER IDENTIFIER
control field OSt
005 - DATE AND TIME OF LATEST TRANSACTION
control field 20210928151022.0
008 - FIXED-LENGTH DATA ELEMENTS--GENERAL INFORMATION
fixed length control field 210928b |||||||| |||| 00| 0 eng d
020 ## - INTERNATIONAL STANDARD BOOK NUMBER
International Standard Book Number 0155031856H
040 ## - CATALOGING SOURCE
Transcribing agency HU
082 ## - DEWEY DECIMAL CLASSIFICATION NUMBER
Classification number 168
Item number 1
100 ## - MAIN ENTRY--PERSONAL NAME
Personal name ROBERT K.MILLER
9 (RLIN) 7677
245 ## - TITLE STATEMENT
Title The informed Argument
250 ## - EDITION STATEMENT
Edition statement Brief ed
260 ## - PUBLICATION, DISTRIBUTION, ETC.
Place of publication, distribution, etc. USA
Name of publisher, distributor, etc. Hall
Date of publication, distribution, etc. 1999
300 ## - PHYSICAL DESCRIPTION
Extent 370
942 ## - ADDED ENTRY ELEMENTS (KOHA)
Source of classification or shelving scheme Dewey Decimal Classification
Koha item type Books like text book referance book
Suppress in OPAC No
Holdings
Withdrawn status Lost status Source of classification or shelving scheme Damaged status Not for loan Home library Current library Shelving location Date acquired Full call number Barcode Date last seen Copy number Price effective from Koha item type Total Checkouts
    Dewey Decimal Classification     Social Library Social Library General Stacks 09/28/2021 168MIL SHLIB 00001070 09/28/2021 1 09/28/2021 Books like text book referance book  
    Dewey Decimal Classification     Social Library Social Library General Stacks 09/28/2021 160/WIL SHLIB 00001066 09/28/2021 5 09/28/2021 Books like text book referance book  
    Dewey Decimal Classification     Social Library Social Library General Stacks 09/28/2021 168MIL SHLIB 00001067 09/28/2021 7 09/28/2021 Books like text book referance book  
    Dewey Decimal Classification     Social Library Social Library General Stacks 09/28/2021 160MILL SHLIB 00001068 09/28/2021 8 09/28/2021 Books like text book referance book  
    Dewey Decimal Classification     Social Library Social Library General Stacks 09/28/2021 168MIL SHLIB 00001069 09/28/2021 9 09/28/2021 Books like text book referance book